بملكة بيت المقدس فى القرنين الثانى عشر والثالث الميلادى

محفوظ في:

المؤلف الرئيسي: سيد البارز العرينى.

مؤلفون آخرون: الاقطاع الحربى عند الصليبين.

التنسيق: كتاب

اللغة: Undetermined

منشور في: Cairo Al Nahda Press

الوسوم: إضافة وسم

لا توجد وسوم, كن أول من يضع وسما على هذه التسجيلة!

رقم الطلب: N26 NRIN

LEADER 00494nam a2200133Ia 4500
008 240404s9999||||xx |||||||||||||| ||und||
050 4 |a N26 NRIN 
100 1 |a سيد البارز العرينى. 
245 1 0 |a بملكة بيت المقدس فى القرنين الثانى عشر والثالث الميلادى  |c سيد البارز العرينى 
264 1 |a Cairo  |b Al Nahda Press 
300 |a 24  |c 24 
700 1 |a الاقطاع الحربى عند الصليبين. 
942 |2 lcc  |c BK 
999 |c 57941  |d 57941